| 000 | 00523nam a22002057a 4500 | ||
|---|---|---|---|
| 005 | 20260220103819.0 | ||
| 008 | 260219b |||||||| |||| 00| 0 eng d | ||
| 020 |
_a9788196079550 _cRs. 300.00 |
||
| 040 | _aMAIN | ||
| 082 |
_a822.09 _bD262R:M |
||
| 100 | _aDattani, Mahesh | ||
| 245 | _aMahesh Dattani: A cognizant playwright | ||
| 260 |
_aRohtak _bVipin Publication _c2023 |
||
| 300 | _a127 | ||
| 650 | _aEnglish Literature | ||
| 650 | _aPlay | ||
| 700 | _aRathee, Anu | ||
| 700 | _aRathee, Naresh | ||
| 942 | _cBK | ||
| 999 |
_c397075 _d397075 |
||